| 000 | 00649nam a22001937a 4500 | ||
|---|---|---|---|
| 005 | 20230227100330.0 | ||
| 008 | 230209b mx ||||| |||| 00| 0 spa d | ||
| 050 | 0 | 4 |
_aP91.27 _bE88 2004 |
| 245 | 0 | 0 | _aEstrategias de comunicación y visibilidad para las organizaciones de la Sociedad Civil |
| 250 | _a1a ed. | ||
| 260 |
_aMéxico : _bComunicación e Información de la Mujer, _c2004 |
||
| 300 |
_a90 p. ; _c22 cm. |
||
| 504 | _aIncluye biliografía | ||
| 650 | 7 |
_2lemb _aComunicación |
|
| 650 | 7 |
_2lemb _aMedios de comunicación de masas |
|
| 650 | 4 | _aMedios de comunicación masiva | |
| 650 | 7 |
_2lemb _aComunicación escrita |
|
| 942 |
_2lcc _cLIB |
||
| 999 |
_c99326 _d99326 |
||